| 000 -LEADER |
| fixed length control field |
00444cam a22001217a 4500 |
| 008 - FIXED-LENGTH DATA ELEMENTS--GENERAL INFORMATION |
| fixed length control field |
180718b1970 xxu||||| |||| 00| 0 eng d |
| 082 ## - DEWEY DECIMAL CLASSIFICATION NUMBER |
| Classification number |
P422x5469 T738ev/1951-66 |
| 245 ## - TITLE STATEMENT |
| Title |
Evalution report of elementry educationduring the plan periods in Tripura |
| Statement of responsibility, etc. |
by Evalution organisation, Tripura |
| 260 ## - PUBLICATION, DISTRIBUTION, ETC. |
| Place of publication, distribution, etc. |
Agartala |
| Name of publisher, distributor, etc. |
Evalution Organisation |
| Date of publication, distribution, etc. |
1970 |
| 300 ## - PHYSICAL DESCRIPTION |
| Extent |
49p. |
| 440 ## - SERIES STATEMENT/ADDED ENTRY--TITLE |
| Title |
Evalution Organisation; No.3 |
| 700 ## - ADDED ENTRY--PERSONAL NAME |
| Personal name |
Tripura.Evalution organisation |